Normal view
MARC view
- Krämer, Bernd,
Entry Personal Name
001 - CONTROL NUMBER
- control field: 81524
003 - CONTROL NUMBER IDENTIFIER
- control field: NUST
005 - DATE AND TIME OF LATEST TRANSACTION
- control field: 20210813121513.0
008 - FIXED-LENGTH DATA ELEMENTS
- fixed length control field: 210813|| aca||aabn | a|a d
040 ## - CATALOGING SOURCE
- Original cataloging agency: NUST
- Transcribing agency: NUST
100 ## - HEADING--PERSONAL NAME
- Personal name: Krämer, Bernd,
- Dates associated with a name: 1947-
670 ## - SOURCE DATA FOUND
- Source citation: Work cat.: (NUST)31892: Krämer J. Bernd 81522, Contributions to Ubiquitous Computing \, 2007.
